000 00685nam a2200289Ia 4500
005 20260324130316.0
008 008 260324s9999 xx 000 0 eng d
020 _a9780203536988
037 _aEBOOK
040 _aCRL
040 _beng
040 _cCRL
041 _2eng
041 _aeng
084 _qCRL
100 _aWendy Slater
_91181281
245 4 _aThe Many Deaths of Tsar Nicholas II
245 0 _bRelics, Remains and the Romanovs
260 _bTaylor and Francis
260 _c2007
365 _a
365 _b290
856 _uhttp://www.taylorfrancis.com/books/9780203536988
942 _cEBOOK
999 _c1777346
_d1777346